Wird geladen...

Objective general knowldge 6250+Q chapterwise collection /

Bibliographische Detailangaben
1. Verfasser: Pandey, Manohar
Format: Printed Book
Sprache:Undetermined
Veröffentlicht: New Delhi : Arihant Publications , 2013.
LEADER 00567nam a2200157Ia 4500
001 183958
008 170722s9999 xx 000 0 und d
020 |a 9789350947845 
100 |a Pandey, Manohar 
245 |a Objective general knowldge  |b 6250+Q chapterwise collection / 
260 |a New Delhi :  |b Arihant Publications ,  |c 2013. 
300 |a 584+24 current affairs 
923 |d 20131015  |n V681 
942 |c REF 
999 |c 150802  |d 150802 
952 |0 0  |1 0  |4 0  |6 ZOBT_55_Q411R  |7 0  |8 R  |9 212605  |a LIB  |b LIB  |d 2013-12-18  |e Prabhus Books  |o zObT:5,5 Q411(R)  |p 292812  |r 2017-08-12  |v 0.00  |w 2017-08-12  |y REF